"Лучший фильм" - фильмы-лауреаты премии "Оскар" - Statistics

General Stats
  • This quiz has been taken 24 times
  • The average score is 30 of 97
Answer Stats
Год Страна(-ы) Режиссёр(-ы) Фильм % Correct
1998 США Джеймс Кэмерон "Титаник"
81%
2020 Республика Корея Пон Чжун Хо "Паразиты"
71%
2025 США Шон Бейкер "Анора"
71%
2019 США Питер Фаррелли "Зелёная книга"
62%
2017 США Барри Дженкинс "Лунный свет"
57%
2024 Великобритания, США Кристофер Нолан "Оппенгеймер"
57%
1995 США Роберт Земекис "Форрест Гамп"
52%
1996 США Мел Гибсон "Храброе сердце"
52%
2001 США, Великобритания Ридли Скотт "Гладиатор"
52%
2004 Новая Зеландия, Германия, США Питер Джексон "Властелин колец: Возвращение короля"
52%
2005 США Клинт Иствуд "Малышка на миллион"
52%
2007 США, Гонконг Мартин Скорсезе "Отступники"
52%
2009 Великобритания, США, Индия Дэнни Бойл и Лавлин Тандан "Миллионер из трущоб"
52%
2010 США Кэтрин Бигелоу "Повелитель бури"
52%
2011 Великобритания, Австралия Том Хупер "Король говорит!"
52%
1994 США Стивен Спилберг "Список Шиндлера"
48%
2002 США Рон Ховард "Игры разума"
48%
2008 США Джоэл Коэн и Итан Коэн "Старикам тут не место"
48%
2012 Франция, Бельгия Мишель Хазанавичус "Артист"
48%
2023 США Дэниел Шайнерт и Дэн Кван "Всё везде и сразу"
48%
1973 США Фрэнсис Форд Коппола "Крёстный отец"
43%
1976 США Милош Форман "Пролетая над гнездом кукушки"
43%
1999 США, Великобритания Джон Мэдден "Влюблённый Шекспир"
43%
2013 США Бен Аффлек "Операция "Арго""
43%
2015 США Алехандро Г. Иньярриту "Бёрдмэн"
43%
2018 США Гильермо дель Торо "Форма воды"
43%
2014 Великобритания, США Стив Маккуин "12 лет рабства"
43%
2022 США, Франция, Канада Шан Хейдер "CODA: Ребёнок глухих родителей"
43%
1989 США Барри Левинсон "Человек дождя"
38%
1992 США Джонатан Демми "Молчание ягнят"
38%
1997 Великобритания, США Энтони Мингелла "Английский пациент"
38%
2000 США Сэм Мендес "Красота по-американски"
38%
2003 США, Канада, Германия Роб Маршалл "Чикаго"
38%
2006 Германия, США Пол Хагггис "Столкновение"
38%
2021 США Хлоя Чжао "Земля кочевников"
38%
1975 США Фрэнсис Форд Коппола "Крёстный отец 2"
38%
1940 США Виктор Флеминг "Унесённые ветром"
33%
1944 США Майкл Кёртис "Касабланка"
33%
1963 Великобритания Дэвид Лин "Лоуренс Аравийский"
33%
1978 США Вуди Аллен "Энни Холл"
33%
1980 США Роберт Бентон "Крамер против Крамера"
33%
1985 США Милош Форман "Амадей"
33%
1991 США Кевин Костнер "Танцующий с волками"
33%
1993 США Клинт Иствуд "Непрощённый"
33%
1958 Великобритания, США Дэвид Лин "Мост через реку Квай"
29%
1970 США Джон Шлезингер "Полуночный ковбой"
29%
1974 США Джордж Рой Хилл "Афера"
29%
1977 США Джон Эвилдсен "Рокки"
29%
1979 США, Великобритания Майкл Чимино "Охотник на оленей"
29%
1987 США Оливер Стоун "Взвод"
29%
2016 США Том Маккарти "В центре внимания"
29%
1929 США Уильям Уэллман "Крылья"
24%
1930 США Льюис Майлстоун "На западном фронте без перемен"
24%
1950 США Роберт Россен "Вся королевская рать"
24%
1960 США Уильям Уайлер "Бен-Гур"
24%
1966 США Роберт Уайз "Звуки музыки"
24%
1971 США Франклин Шеффнер "Паттон"
24%
1982 Великобритания Хью Хадсон "Огненные колесницы"
24%
1983 Великобритания, Индия Ричард Аттенборо "Ганди"
24%
1988 Великобритания, Италия, Китай, Франция Бернардо Бертолуччи "Последний император"
24%
1930 США Гарри Бомонт "Бродвейская мелодия"
19%
1949 Великобритания Лоренс Оливье "Гамлет"
19%
1955 США Элиа Казан "В порту"
19%
1961 США Билли Уайлдер "Квартира"
19%
1962 США Джером Роббинс, Роберт Уайз "Вестсайдская история"
19%
1965 США Джордж Кьюкор "Моя прекрасная леди"
19%
1969 Великобритания Кэрол Рид "Оливер!"
19%
1972 США Уильям Фридкин "Французский связной"
19%
1981 США Роберт Редфорд "Обыкновенные люди"
19%
1984 США Джеймс Л. Брукс "Язык нежности"
19%
1986 США Сидни Поллак "Из Африки"
19%
1990 США Брюс Бересфорд "Шофёр мисс Дэйзи"
19%
1957 США, Великобритания Майкл Андерсон "Вокруг света за 80 дней"
19%
1931 США Уэсли Рагглз "Симаррон"
14%
1932 США Эдмунд Гулдинг "Гранд-отель"
14%
1934 США Фрэнк Ллойд "Кавалькада"
14%
1935 США Фрэнк Капра "Это случилось однажды ночью"
14%
1936 США Фрэнк Ллойд "Мятеж на "Баунти""
14%
1937 США Роберт З. Леонард "Великий Зигфелд"
14%
1938 США Уильям Дитерле "Жизнь Эмиля Золя"
14%
1939 США Фрэнк Капра "С собой не унесёшь"
14%
1941 США Альфред Хичкок "Ребекка"
14%
1942 США Джон Форд "Как зелена была моя долина"
14%
1943 США Уильям Уайлер "Миссис Минивер"
14%
1945 США Лео Маккэри "Идти своим путём"
14%
1946 США Билли Уайлдер "Потерянный уикэнд"
14%
1947 США Уильям Уайлер "Лучшие годы нашей жизни"
14%
1948 США Элиа Казан "Джентльменское соглашение"
14%
1951 США Джозеф Лео Манкевич "Всё о Еве"
14%
1952 США Винсент Миннелли "Американец в Париже"
14%
1953 США Сесил Б. Демилль "Величайшее шоу мира"
14%
1954 США Фред Циннеман "Отныне и вовеки веков"
14%
1956 США Делберт Манн "Марти"
14%
1959 США Винсент Миннелли "Жижи"
14%
1964 Великобритания Тони Ричардсон "Том Джонс"
14%
1967 Великобритания Фред Циннеман "Человек на все времена"
14%
1968 США Норман Джуисон "Душной южной ночью"
14%
No matching quizzes found
Score Distribution
Percent of People with Each Score
Percentile by Number Answered
Your Score History
You have not taken this quiz